00536nam a2200181 a 4500001001300000003000900013005001700022008004100039020002300080082001700103100002400120245006400144260004400208300001000252500003500262650003300297700002400330nice12345678IN_TiNIC20260116014539.0140218s2003 newa grp 000 0 eng  a8172314655 c12000a297.64bANS3 aAnsari, Saeed Ahmed aWomen Companions of the Holy Prophet and Their Sacred Lives aNew Delhi bIslamic Book Service c2003 a286p  aincludes index and biblioraphy aMuhammad, Prophet-Companions1 aAnsari, Saeed Ahmed